000 00634nam a2200205 a 4500
001 BRL_1286
005 20190320211128.0
008 261213c1944----mx-#######---#000-0#spa-#
041 _aspa
044 _amx
050 4 _aPC4111
_b.E83 1944
100 1 _aEscudero Cruz, Feliciano
_926390
245 1 0 _aEl aprendizaje de la gramática
_b3er. ciclo de educación primaria y 1o. de secundaria : doctrina moderna y técnica adelantada
_cFeliciano Escudero Cruz.
260 _aMéxico, D.F.
_b[s.n.]
_c1944
300 _a293 p.
_c20 cm.
500 _aAu1525
650 1 4 _aEspañol
_xGramática
_926391
902 _aGRL
942 _2lcc
_cB
999 _c10098
_d10098